00418nam a2200157Ia 4500001000500000005001700005008004100022041000800063082001600071100002200087245009800109260000900207300002800216650000800244654000800252802320260306160538.0260306t2013||||xx |||||||||||||| ||spa|| aESP a370.1bB169 aBowen, JameseAUT 0aTeorías de la educación:binnovaciones importantes en el pensamiento educativo occidental c2013 a523 páginas :c23 cm. aGEN aCED